| 000 | 00721nam a2200229 a 4500 | ||
|---|---|---|---|
| 005 | 20221015063727.0 | ||
| 008 | 030305s1994 es r 000 0 spa d | ||
| 020 | _a8472452883 | ||
| 035 | _aUPN01000122490 | ||
| 049 | _aCG | ||
| 050 | 4 |
_aBF315 _bG7.58 |
|
| 100 | 1 |
_aGrof, Stanislav, _d1931- _930921 |
|
| 245 | 1 | 3 |
_aLa mente holotrópica : _blos niveles de la conciencia humana / _cStanislav Grof ; colab. Hal Zina Bennett. |
| 260 |
_aBarcelona, Esp. : _bKairós, _c1994. |
||
| 300 | _a328 p. | ||
| 440 | 0 | _aPsicología | |
| 534 |
_pTítulo original: _tThe holotropic mind |
||
| 650 | 4 |
_aSUBCONSCIENCIA _96140 |
|
| 650 | 7 |
_aConciencia (Psicología) _2 _910995 |
|
| 700 | 1 |
_aBennett, Hal Zina, _ecolab. |
|
| 905 | _aLibro | ||
| 999 |
_c94678 _d94678 |
||